| 000 | 02118nam a2200421 c 4500 | ||
|---|---|---|---|
| 003 | BLK | ||
| 005 | 20241207123309.0 | ||
| 008 | 180411b bul|||||r ||||||| ||bul|| | ||
| 010 | _aKNG00185528000 | ||
| 020 |
_a978-619-164-185-7 _bиздат.: Enthusiast |
||
| 040 | _aBLK | ||
| 041 |
_aBUL _cBUL |
||
| 072 | 7 |
_2bullib _aН86 _xДетска отраслова литература Н |
|
| 080 |
_aПрирода и общество. Опазване на природата(в цялост) - Социални, законодателни и административни аспекти на опазване на природата, организация и мерки по възстановяване и спасяване на природата и др. _b502.3 _x(02.053.2) _z502.3(02.053.2) |
||
| 100 | 1 |
_aУайнс, Джаки _eпърви автор _9132094 |
|
| 700 | 1 |
_aХорн, Сара _eил. _9340817 |
|
| 700 | 1 |
_aСтойчев, Свилен _eпрев. от англ. _9340818 |
|
| 139 |
_aУайнс, Джаки _bУ 13 |
||
| 245 | 1 | 0 |
_aТи можеш да спасиш планетата _b101 начина за промяна _cДжаки Уайнс; ил. Сара Хорн; прев. от англ. Свилен Стойчев. |
| 257 | _aGBR | ||
| 260 |
_аСофия _bEnthusiast _c2015 _fВарна : Хеликс прес |
||
| 300 |
_a144 с. _bс ил. _c20 см |
||
| 380 | _aDN | ||
| 490 | 1 | _aChildren's Books | |
| 500 | _aОриг. загл. You Can Save the Planet / Jackuie Wines. - Показалец. | ||
| 650 | 4 |
_aПрирода - опазване в цялост _9281732 |
|
| 650 | 4 |
_aПрирода - защита _9244653 |
|
| 653 | _aопазване на околната среда | ||
| 653 | _aзащита на природата | ||
| 653 | _aекологично възпитание | ||
| 659 | _aН | ||
| 852 | _aЦб 278613 | ||
| 856 | 4 |
_qpdf _u |
|
| 856 | 4 |
_qpdf _u |
|
| 942 |
_cKNG _n0 _06 |
||
| 944 |
_aCR _c14.12.2015 _lГрета Цуфелде _k30537 |
||
| 944 |
_aED _c02.10.2017 _lф / _kВиолета_Тройчева |
||
| 999 |
_c176896 _d176896 |
||